| 000 | 00353nam a2200133Ia 4500 | ||
|---|---|---|---|
| 008 | 210430s9999 xx 000 0 und d | ||
| 082 | _a547 S 639 O | ||
| 100 |
_aJanice Gorzynski Smith _910434 |
||
| 245 |
_aOrganic Chemistry 2nd _cJanice Gorzynski Smith |
||
| 250 | _a2nd | ||
| 260 |
_aIndia _bMcGraw-hill _c2008 |
||
| 300 | _a1175p | ||
| 942 |
_cBK _2ddc |
||
| 999 |
_c565653 _d565653 |
||